[Event "Paris-ch op-B 86th"]
[Site "Paris"]
[Date "2011.07.08"]
[Round "7"]
[White "Aboukalloub, Ahmed"]
[Black "Collette, Gilles"]
[Result "0-1"]
[WhiteElo "1199"]
[BlackElo "1895"]
[PlyCount "50"]
[EventDate "2011.07.02"]
[EventType "swiss"]
[EventRounds "9"]
[EventCountry "FRA"]
[SourceTitle "EXT 2012"]
[Source "ChessBase"]
[SourceDate "2011.11.24"]
[SourceVersion "1"]
[SourceVersionDate "2011.11.24"]
[SourceQuality "1"]

1. e4 e5 2. Nc3 Nf6 3. f4 d5 4. exd5 exf4 5. Nf3 Bd6 6. d4 0-0 7. Be2 Nbd7 8. 0-0 Nb6 9. Ne5 Nfxd5 10. Nxd5 Nxd5 11. Bxf4 Nxf4 12. Rxf4 Qg5 13. Qf1 c5 14. Rxf7 Be6 15. Bc4 Qh6 16. Bxe6 Qxe6 17. Qc4 Qxc4 18. Rxf8+ Rxf8 19. Nxc4 cxd4 20. Na5 Rc8 21. Rc1 d3 22. c3 Bc5+ 23. Kh1 d2 24. Rf1 Rd8 25. Rd1 Re8 0-1